| 000 | 00416nam a22001697a 4500 | ||
|---|---|---|---|
| 003 | SGT | ||
| 020 | _a9781118792100 | ||
| 082 |
_a617.645 _bE16B |
||
| 100 | _aBerg, Joel H. | ||
| 245 | _aEarly Childhood Oral Health | ||
| 250 | _a2nd | ||
| 260 |
_bWiley Blackwell _c2016 |
||
| 300 | _a332 | ||
| 650 | _aPediatric Dentistry | ||
| 653 | _aPediatric Dentistry; Childhood Oral Health; Oral Health | ||
| 942 |
_2ddc _cBK |
||
| 999 |
_c22835 _d22835 |
||